Jews, God, and history / (Record no. 6994)
[ view plain ]
| 000 -LEADER | |
|---|---|
| fixed length control field | 00960cam a2200301Ia 4500 |
| 001 - CONTROL NUMBER | |
| control field | 51754424 |
| 003 - CONTROL NUMBER IDENTIFIER | |
| control field | OCoLC |
| 005 - DATE AND TIME OF LATEST TRANSACTION | |
| control field | 20190122111015.0 |
| 008 - FIXED-LENGTH DATA ELEMENTS--GENERAL INFORMATION | |
| fixed length control field | 030226s1994 nyu b 001 0 eng d |
| 020 ## - INTERNATIONAL STANDARD BOOK NUMBER | |
| International Standard Book Number | 0451207017 (pbk.) |
| 020 ## - INTERNATIONAL STANDARD BOOK NUMBER | |
| International Standard Book Number | 9780451207012 (pbk.) |
| 020 ## - INTERNATIONAL STANDARD BOOK NUMBER | |
| International Standard Book Number | 0451529405 |
| 035 ## - SYSTEM CONTROL NUMBER | |
| System control number | (OCoLC)51754424 |
| 040 ## - CATALOGING SOURCE | |
| Original cataloging agency | ORX |
| Language of cataloging | eng |
| Transcribing agency | ORX |
| Modifying agency | JED |
| -- | OMP |
| -- | BAKER |
| -- | YDXCP |
| -- | BDX |
| -- | ORX |
| -- | ODC |
| 050 #4 - LIBRARY OF CONGRESS CALL NUMBER | |
| Classification number | DS117 |
| Item number | .D5 2003x |
| 082 ## - DEWEY DECIMAL CLASSIFICATION NUMBER | |
| Classification number | 956.93 |
| Item number | D582J |
| 100 1# - MAIN ENTRY--PERSONAL NAME | |
| Personal name | Dimont, Max I. |
| 245 10 - TITLE STATEMENT | |
| Title | Jews, God, and history / |
| Statement of responsibility, etc. | Max I. Dimont. |
| 250 ## - EDITION STATEMENT | |
| Edition statement | 2nd ed. / |
| Remainder of edition statement | edited and revised by Ethel Dimont. |
| 260 ## - PUBLICATION, DISTRIBUTION, ETC. | |
| Place of publication, distribution, etc. | [New York] : |
| Name of publisher, distributor, etc. | New American Library, |
| Date of publication, distribution, etc. | c1994 |
| Date of manufacture | (2003 printing) |
| 300 ## - PHYSICAL DESCRIPTION | |
| Extent | xiv, 572 p. ; |
| Dimensions | 21 cm. |
| 500 ## - GENERAL NOTE | |
| General note | Second edition previously published by Mentor. |
| 504 ## - BIBLIOGRAPHY, ETC. NOTE | |
| Bibliography, etc. note | Includes bibliographical references (p. 491-507) and index. |
| 650 #0 - SUBJECT ADDED ENTRY--TOPICAL TERM | |
| Topical term or geographic name entry element | Jews |
| General subdivision | History. |
| 650 #0 - SUBJECT ADDED ENTRY--TOPICAL TERM | |
| Topical term or geographic name entry element | Judaism |
| General subdivision | History. |
| 700 1# - ADDED ENTRY--PERSONAL NAME | |
| Personal name | Dimont, Ethel. |
| 942 ## - ADDED ENTRY ELEMENTS (KOHA) | |
| Source of classification or shelving scheme | Dewey Decimal Classification |
| Koha item type | Books |
| Withdrawn status | Lost status | Source of classification or shelving scheme | Damaged status | Not for loan | Collection code | Home library | Current library | Shelving location | Date acquired | Cost, normal purchase price | Total Checkouts | Full call number | Barcode | Date last seen | Price effective from | Koha item type |
|---|---|---|---|---|---|---|---|---|---|---|---|---|---|---|---|---|
| Dewey Decimal Classification | Non-fiction | Harvest Mission College | Harvest Mission College | General Stacks | 22.01.2019 | 950.00 | 956.93 D582J | 007856 | 22.01.2019 | 22.01.2019 | Books |
